Classement 2020 des pays les plus sûrs - Statistiques

Statistiques générales
  • Ce quiz a été pris 108 fois
  • Le résultat moyen est 14 sur 179
Statistiques - réponses
Rang Continent Score Pays Violence Transport Santé Catastrophes naturelles % Correct
#1 Europe 93.4 Suisse 91/100 98/100 92/100 90/100
83%
#2 Asie 92.7 Singapour 95/100 97/100 87/100 93/100
64%
#3 Europe 91.1 Norvège 75/100 98/100 95/100 94/100
57%
#10 Asie 83.3 Japon 95/100 94/100 92/100 9/100
38%
#4 Europe 90.7 Luxembourg 94/100 82/100 93/100 90/100
38%
#6 Europe 88.0 Islande 82/100 80/100 93/100 97/100
35%
#7 Europe 86.0 Danemark 76/100 95/100 85/100 87/100
31%
#34 Amérique du Nord 76.1 Canada 65/100 86/100 73/100 84/100
29%
#9 Europe 84.5 Finlande 57/100 91/100 94/100 93/100
28%
#17 Océanie 80.9 Nouvelle-Zélande 86/100 79/100 83/100 66/100
28%
#43 Amérique du Nord 70.7 Etats-Unis 38/100 64/100 95/100 73/100
24%
#32 Europe 77.2 France 47/100 88/100 85/100 89/100
21%
#14 Europe 82.2 Suède 52/100 97/100 87/100 94/100
21%
#31 Océanie 77.5 Australie 58/100 87/100 85/100 70/100
19%
#69 Europe/Asie 59.9 Turquie 24/100 65/100 79/100 61/100
18%
#5 Asie 88.6 Chypre 89/100 90/100 87/100 87/100
15%
#29 Europe 77.8 Royaume-Uni 42/100 96/100 89/100 76/100
15%
#16 Europe 81.6 Allemagne 55/100 94/100 89/100 86/100
14%
#12 Europe 83.1 Autriche 70/100 89/100 88/100 79/100
14%
#13 Europe 82.9 Espagne 55/100 94/100 93/100 84/100
14%
#21 Europe 79.6 Irlande 65/100 94/100 84/100 64/100
14%
#30 Océanie 77.6 Palaos 52/100 90/100 94/100 /
14%
#33 Europe 76.7 Pays-Bas 72/100 95/100 83/100 27/100
14%
#8 Europe 85.4 Portugal 86/100 80/100 90/100 77/100
14%
#36 Europe 75.6 Italie 64/100 87/100 77/100 69/100
13%
#42 Océanie 73.1 Kiribati 29/100 91/100 81/100 95/100
13%
#179 Afrique 14.3 Soudan du Sud 10/100 0/100 21/100 29/100
13%
#59 Océanie 65.4 Tonga 80/100 45/100 89/100 0/100
13%
#63 Amérique du Sud 63.6 Uruguay 25/100 62/100 86/100 72/100
13%
#148 Asie 32.8 Afghanistan 15/100 33/100 47/100 22/100
11%
#53 Amérique du Nord 67.7 Antigua-et-Barbuda 17/100 78/100 83/100 98/100
11%
#62 Amérique du Sud 63.8 Argentine 46/100 58/100 74/100 75/100
11%
#26 Europe 78.5 Belgique 54/100 86/100 88/100 83/100
11%
#76 Amérique du Sud 57.7 Chili 43/100 64/100 78/100 12/100
11%
#117 Amérique du Sud 44.2 Colombie 8/100 38/100 70/100 47/100
11%
#25 Asie 78.6 Corée du Sud 89/100 70/100 81/100 65/100
11%
#15 Europe 82.0 Estonie 60/100 83/100 91/100 91/100
11%
#142 Amérique du Sud 35.5 Guyana 11/100 26/100 64/100 13/100
11%
#24 Asie 79.2 Israël 49/100 92/100 86/100 91/100
11%
#19 Asie 80.2 Qatar 93/100 74/100 68/100 100/100
11%
#49 Océanie 69.6 Samoa 51/100 67/100 83/100 67/100
11%
#120 Amérique du Sud 42.8 Venezuela 33/100 3/100 71/100 55/100
11%
#105 Amérique du Sud 49.9 Brésil 31/100 37/100 63/100 71/100
10%
#99 Amérique du Sud 52.3 Equateur 45/100 35/100 74/100 33/100
10%
#45 Europe 70.4 Lettonie 52/100 74/100 75/100 80/100
10%
#43 Europe 70.7 Lituanie 41/100 77/100 80/100 86/100
10%
#88 Amérique du Nord 54.7 Mexique 16/100 62/100 74/100 54/100
10%
#85 Amérique du Sud 55.7 Paraguay 28/100 32/100 82/100 76/100
10%
#101 Amérique du Sud 51.9 Pérou 29/100 61/100 62/100 44/100
10%
#27 Europe 78.3 Pologne 72/100 72/100 85/100 82/100
10%
#86 Europe/Asie 55.6 Russie 17/100 41/100 83/100 74/100
10%
#136 Amérique du Nord 36.5 Salvador 0/100 33/100 72/100 5/100
10%
#11 Europe 83.2 Slovénie 82/100 81/100 86/100 77/100
10%
#110 Amérique du Sud 48.0 Suriname 36/100 36/100 70/100 26/100
10%
#139 Amérique du Nord 36.1 Belize 2/100 12/100 70/100 45/100
8%
#48 Europe 70.0 Biélorussie 47/100 75/100 77/100 82/100
8%
#37 Europe 74.7 Bulgarie 70/100 69/100 81/100 70/100
8%
#22 Europe 79.5 Croatie 79/100 76/100 83/100 72/100
8%
#37 Asie 74.7 Emirats Arabes Unis 91/100 40/100 79/100 95/100
8%
#63 Océanie 63.6 Fidji 59/100 72/100 79/100 8/100
8%
#46 Europe 70.3 Grèce 60/100 74/100 82/100 43/100
8%
#132 Amérique du Nord 37.6 Haïti 18/100 54/100 47/100 11/100
8%
#57 Afrique 66.7 Île Maurice 65/100 60/100 92/100 7/100
8%
#41 Europe 73.3 Macédoine du Nord 65/100 84/100 76/100 56/100
8%
#18 Europe 80.7 Malte 64/100 83/100 82/100 99/100
8%
#50 Océanie 69.5 Micronésie 41/100 98/100 77/100 /
8%
#137 Amérique du Nord 36.2 République dominicaine 31/100 2/100 63/100 /
8%
#145 Amérique du Nord 34.5 Sainte-Lucie 5/100 0/100 85/100 /
8%
#40 Europe 73.5 Serbie 79/100 80/100 76/100 39/100
8%
#73 Amérique du Nord 59.1 Bahamas 4/100 59/100 91/100 70/100
7%
#28 Asie 78.2 Bahreïn 57/100 89/100 78/100 96/100
7%
#77 Amérique du Nord 57.6 Barbade 17/100 87/100 78/100 /
7%
#78 Amérique du Sud 57.5 Bolivie 33/100 51/100 74/100 66/100
7%
#61 Europe 64.1 Bosnie-Herzégovine 76/100 51/100 68/100 52/100
7%
#55 Amérique du Nord 66.9 Cuba 40/100 76/100 83/100 51/100
7%
#94 Amérique du Nord 52.8 Dominique 7/100 68/100 85/100 15/100
7%
#55 Amérique du Nord 66.9 Grenade 15/100 74/100 85/100 97/100
7%
#131 Amérique du Nord 38.0 Guatemala 6/100 47/100 64/100 1/100
7%
#112 Amérique du Nord 47.0 Honduras 27/100 46/100 70/100 16/100
7%
#39 Europe 74.6 Hongrie 55/100 79/100 89/100 60/100
7%
#94 Amérique du Nord 52.8 Jamaïque 28/100 61/100 77/100 11/100
7%
#51 Europe 69.3 Monténégro 56/100 68/100 82/100 /
7%
#107 Amérique du Nord 49.2 Nicaragua 30/100 54/100 71/100 7/100
7%
#35 Asie 76.0 Oman 91/100 48/100 79/100 88/100
7%
#91 Amérique du Nord 53.7 Panama 20/100 57/100 79/100 37/100
7%
#20 Europe 80.0 République tchèque 72/100 84/100 82/100 79/100
7%
#58 Europe 66.5 Roumanie 70/100 69/100 65/100 55/100
7%
#67 Afrique 60.6 Seychelles 13/100 50/100 88/100 89/100
7%
#23 Europe 79.4 Slovaquie 70/100 83/100 82/100 79/100
7%
#100 Amérique du Nord 52.0 Trinité-et-Tobago 4/100 66/100 79/100 34/100
7%
#82 Europe 56.2 Ukraine 24/100 60/100 64/100 85/100
7%
#80 Asie 56.6 Chine 56/100 39/100 70/100 49/100
6%
#114 Amérique du Nord 45.1 Costa Rica 14/100 46/100 78/100 4/100
6%
#65 Afrique 62.6 Egypte 28/100 72/100 69/100 92/100
6%
#66 Europe 62.2 Moldavie 51/100 52/100 76/100 63/100
6%
#161 Afrique 28.1 Somalie 43/100 16/100 20/100 /
6%
#70 Europe 59.7 Albanie 59/100 61/100 71/100 23/100
4%
#52 Asie 68.9 Azerbaïdjan 51/100 75/100 79/100 58/100
4%
#125 Océanie 40.9 Papouasie-Nouvelle-Guinée 35/100 58/100 45/100 5/100
4%
#178 Afrique 14.8 République démocratique du Congo 9/100 0/100 29/100 /
4%
#104 Océanie 50.0 Salomon 47/100 44/100 71/100 2/100
4%
#141 Asie 35.6 Yémen 17/100 34/100 42/100 54/100
4%
#72 Asie 59.2 Arménie 56/100 45/100 72/100 52/100
3%
#79 Afrique 57.4 Maroc 62/100 38/100 69/100 47/100
3%
#46 Asie 70.3 Ouzbékistan 79/100 67/100 81/100 25/100
3%
#177 Afrique 19.7 République centrafricaine 8/100 3/100 30/100 40/100
3%
#154 Afrique 31.4 Rwanda 46/100 9/100 33/100 39/100
3%
#82 Afrique 56.2 Tunisie 43/100 32/100 79/100 59/100
3%
#102 Océanie 51.3 Vanuatu 61/100 50/100 62/100 0/100
3%
#127 Afrique 40.4 Afrique du Sud 13/100 21/100 65/100 58/100
1%
#97 Asie 52.5 Arabie saoudite 44/100 11/100 69/100 98/100
1%
#119 Asie 42.9 Bangladesh 38/100 53/100 52/100 2/100
1%
#89 Asie 54.1 Bhoutan 68/100 44/100 57/100 34/100
1%
#175 Afrique 22.7 Burundi 26/100 1/100 35/100 19/100
1%
#68 Asie 60.5 Géorgie 65/100 53/100 65/100 50/100
1%
#121 Asie 42.6 Inde 38/100 33/100 50/100 44/100
1%
#81 Asie 56.4 Indonésie 57/100 66/100 61/100 20/100
1%
#117 Asie 44.2 Irak 19/100 16/100 71/100 68/100
1%
#84 Asie 55.9 Iran 38/100 36/100 77/100 64/100
1%
#75 Asie 58.6 Jordanie 54/100 26/100 80/100 66/100
1%
#71 Asie 59.4 Kazakhstan 40/100 43/100 77/100 75/100
1%
#54 Asie 67.6 Koweït 65/100 43/100 80/100 81/100
1%
#90 Asie 53.8 Laos 42/100 47/100 63/100 57/100
1%
#94 Asie 52.8 Liban 33/100 40/100 70/100 62/100
1%
#148 Afrique 32.8 Libéria 55/100 0/100 40/100 32/100
1%
#165 Afrique 27.1 Mali 11/100 31/100 34/100 27/100
1%
#87 Asie 55.3 Mongolie 34/100 48/100 64/100 83/100
1%
#171 Afrique 26.0 Niger 29/100 20/100 31/100 14/100
1%
#140 Afrique 36.0 Sénégal 30/100 30/100 49/100 18/100
1%
#74 Asie 58.9 Sri Lanka 44/100 55/100 78/100 36/100
1%
#92 Asie 53.0 Tadjikistan 59/100 40/100 60/100 43/100
1%
#176 Afrique 21.0 Tchad 26/100 14/100 22/100 16/100
1%
#135 Asie 36.6 Thaïlande 28/100 4/100 58/100 51/100
1%
#92 Asie 53.0 Timor Oriental 46/100 63/100 65/100 6/100
1%
#60 Asie 64.8 Turkménistan 44/100 56/100 89/100 48/100
1%
#103 Afrique 50.9 Algérie 48/100 28/100 72/100 35/100
0%
#168 Afrique 26.6 Angola 31/100 9/100 28/100 46/100
0%
#144 Afrique 34.9 Bénin 79/100 15/100 25/100 13/100
0%
#123 Asie 41.8 Birmanie 35/100 37/100 55/100 23/100
0%
#122 Afrique 41.9 Botswana 11/100 28/100 64/100 61/100
0%
#160 Afrique 28.5 Burkina Faso 45/100 5/100 34/100 22/100
0%
#108 Asie 48.7 Cambodge 64/100 41/100 57/100 4/100
0%
#167 Afrique 26.8 Cameroun 39/100 7/100 34/100 15/100
0%
#137 Afrique 36.2 Cap-Vert 14/100 23/100 65/100 17/100
0%
#134 Afrique 37.4 Comores 28/100 0/100 68/100 36/100
0%
#113 Asie 45.7 Corée du Nord 42/100 / 79/100 /
0%
#133 Afrique 37.5 Côte d'Ivoire 24/100 29/100 55/100 24/100
0%
#153 Afrique 31.7 Djibouti 46/100 5/100 43/100 19/100
0%
#163 Afrique 27.7 Erythrée 26/100 2/100 37/100 50/100
0%
#159 Afrique 29.5 Ethiopie 23/100 18/100 37/100 40/100
0%
#130 Afrique 39.1 Gabon 36/100 31/100 41/100 53/100
0%
#158 Afrique 29.8 Gambie 22/100 9/100 54/100 10/100
0%
#129 Afrique 40.1 Ghana 62/100 24/100 39/100 27/100
0%
#170 Afrique 26.5 Guinée 23/100 13/100 36/100 28/100
0%
#143 Afrique 35.3 Guinée-Bissau 79/100 4/100 35/100 8/100
0%
#126 Afrique 40.6 Guinée équatoriale 57/100 6/100 43/100 68/100
0%
#164 Afrique 27.5 Kenya 25/100 14/100 32/100 42/100
0%
#106 Asie 49.7 Kirghizistan 51/100 32/100 66/100 31/100
0%
#156 Afrique 30.8 Lesotho 2/100 11/100 59/100 41/100
0%
#116 Afrique 44.7 Libye 31/100 1/100 73/100 73/100
0%
#162 Afrique 28.0 Madagascar 28/100 12/100 42/100 14/100
0%
#97 Asie 52.5 Malaisie 49/100 29/100 70/100 49/100
0%
#146 Afrique 33.9 Malawi 63/100 5/100 34/100 30/100
0%
#147 Afrique 33.3 Mauritanie 18/100 25/100 49/100 30/100
0%
#166 Afrique 27.0 Mozambique 36/100 7/100 33/100 25/100
0%
#157 Afrique 30.2 Namibie 10/100 6/100 49/100 59/100
0%
#109 Asie 48.5 Népal 61/100 30/100 47/100 62/100
0%
#174 Afrique 22.9 Nigeria 10/100 14/100 34/100 30/100
0%
#172 Afrique 25.1 Ouganda 23/100 10/100 28/100 46/100
0%
#124 Asie 41.6 Pakistan 24/100 57/100 42/100 41/100
0%
#115 Asie 44.9 Philippines 24/100 65/100 59/100 1/100
0%
#168 Afrique 26.6 République du Congo 21/100 0/100 44/100 38/100
0%
#148 Afrique 32.8 Sierra Leone 60/100 0/100 40/100 20/100
0%
#152 Afrique 32.3 Soudan 24/100 22/100 46/100 /
0%
#155 Afrique 30.9 Tanzanie 31/100 10/100 43/100 32/100
0%
#173 Afrique 24.1 Togo 23/100 10/100 35/100 18/100
0%
#111 Asie 47.1 Viêt Nam 62/100 19/100 67/100 9/100
0%
#127 Afrique 40.4 Zambie 47/100 23/100 47/100 37/100
0%
#151 Afrique 32.5 Zimbabwe 40/100 1/100 51/100 21/100
0%
Aucun quiz correspondant
Distribution des résultats
% des personnes avec chaque résultat
Percentile par nombre de réponses
Votre historique - résultats
Vous n’avez pas pris ce quiz